000 00296nam a22001217a 4500
008 170202b xxu||||| |||| 00| 0 eng d
041 _aeng
080 _23RD
_a61
100 _a3
101 _aSHM
245 _aMETHODS OF CLINICAL EXAMINATION: A PHYSIOLOGIC APPROACH
_cJUDGE, R.D
942 _2udc
_cBK
999 _c4354
_d4354